Statistics for managers using Microsoft Excel
Guardado en:
| Autor principal: | |
|---|---|
| Formato: | Libro |
| Lenguaje: | inglés |
| Publicado: |
Upper Saddle River
Pearson Education
2011
|
| Edición: | 6th ed. |
| Materias: | |
| Etiquetas: |
Sin Etiquetas, Sea el primero en etiquetar este registro!
|
MARC
| LEADER | 00000nam a2200000 4500 | ||
|---|---|---|---|
| 001 | 0125162 | ||
| 005 | 20240226124428.7 | ||
| 020 | |a 978-0-13-611349-2 | ||
| 020 | |a 0-13-611349-2 | ||
| 041 | 0 | |a eng | |
| 044 | |a US | ||
| 245 | 1 | 0 | |a Statistics for managers |b using Microsoft Excel |c David M. Levine ... [et al.] |
| 250 | |a 6th ed. | ||
| 264 | 1 | |a Upper Saddle River |b Pearson Education |c 2011 | |
| 300 | |a 824 s. |e 1 príloha: Math XL, (ISBN: 978-0-13-139297-7, ISBN: 0-13-139297-2) | ||
| 610 | 2 | 0 | |a štatistika aplikovaná |
| 610 | 2 | 0 | |a štatistika matematická |
| 610 | 2 | 0 | |a pravdepodobnosť |
| 610 | 2 | 0 | |a regresia |
| 610 | 2 | 0 | |a modely štatistické |
| 610 | 2 | 0 | |a odhad štatistický |
| 610 | 2 | 0 | |a hypotézy štatistické |
| 610 | 2 | 0 | |a rady časové |
| 610 | 2 | 0 | |a prognózy |
| 610 | 2 | 0 | |a riadenie kvality |
| 610 | 2 | 0 | |a manažment |
| 100 | 1 | |a Levine, David M. | |